000 01033nam a2200229Ia 4500
003 GCL
005 20240530110937.0
008 140319s2021 ua dhf f 000 0 ara d
017 _a2020/7810
_bمصر. دار الكتب
020 _a9789776809079
040 _aGCL /
_cGCL
082 0 4 _a737.22/
_bم م
100 0 _aمروة على عبدالولى عبدالعليم
245 1 0 _aالميداليات العثمانية الاوربية التذكارية :
_b(699 - 1341 هـ / 1300 - 1922 م ) /
_cتاليف مروة على عبدالولى عبدالعليم ؛ مراجعة وتقديم رافت محمد النبراوى
260 _aالقاهرة :
_bالمؤسسة الدولية للكتاب،
_c2021.
300 _a319 ص. :
_bايض ؛
_c24 سم.
650 0 7 _2qrmak
_aالميداليات
650 0 7 _aالاوسمة والنياشيبن
650 0 4 _2qrmak
_aالميداليات العثمانية الاوربية
700 0 _aرافت محمد النبراوى
_eمراجع ومقدم
942 _2ddc
_cBK
999 _c66756
_d66756